Dzielnice Radomska - Statystyki

Ogólne statystyki
  • Ten quiz został rozwiązany 48 razy
  • Średni wynik to 7 z 15
Statystyki odpowiedzi
Położenie Nazwa dzielnicy % Poprawnych
Północ Bartodzieje
86%
Południe Folwarki
76%
Środek Kowalowiec
72%
Zachód Stobiecko Miejskie
66%
Środek Centrum
59%
Południe Wymysłówek
52%
Południe Sucha Wieś
48%
Północ Bogwidzowy
45%
Wschód Saniki
45%
Północ Miłaczki-Bugaj
38%
Środek Śródmieście
38%
Północ Młodzowy
34%
Środek Kopiec
28%
Wschód Elżbietów
24%
Wschód Kirków
17%
Nie znaleziono quizów pasujących do podanych kryteriów
Rozkład punktacji
Procent ludzi z każdym wynikiem
Percentyl według liczby udzielonych odpowiedzi
Twoja historia wyników
Nie rozwiązałeś tego quizu